ბათუმის შოთა რუსთაველის სახელმწიფო უნივერსიტეტის ბიბლიოთეკა

ბიბლიის ლექსიკონი : (მასალები) : (ბიბ.ჩანაწერი № 40574)

000 -ლიდერი
ფიქსირებული სიგრძის საკონტროლო ველი 01370nam a2200253Ia 4500
001 - საკონტროლო ნომერი
საკონტროლო ველი 7199
003 - საკონტროლო ნომრის იდენტიფიკატორი
საკონტროლო ველი GE_BSU
005 - ბოლო ოპერაციის თარიღი და დრო
საკონტროლო ველი 20231019170633.0
008 - ფიქსირებული სიგრძის მონაცემთა ელემენტები - ზოგადი ინფორმაცია
ფიქსირებული სიგრძის საკონტროლო ველი 181216s2009||||ge |||||||||||||| ||geo||
020 ## - წიგნის საერთაშორისო სტანდარტული ნომერი
International Standard Book Number 9789941905551.(2ტ)
040 ## - კატალოგიზაციის წყარო
Transcribing agency GE_BSU
041 ## - ენის კოდი
Language code of text/sound track or separate title geo
080 ## - უნივერსალური ათობითი კლასიფიკაციის ინდექსი
Universal Decimal Classification number 27-23(038)+26-38(038) ბ-65
245 ## - ცნობა სათაურის შესახებ
Title ბიბლიის ლექსიკონი : (მასალები) :
Remainder of title [2ტომად]. ტ. 2 /
Statement of responsibility, etc შემდგ. : ელგუჯა გიუნაშვილი, ზურაბ კალანდაძე ; რედ. ზურაბ სარჯველაძე.
264 ## - წარმოების, გამოცემის, დისტრიბუციის და სხვა ცნობები
გამოცემის, წარმოების, დისტრიბუციის... ადგილი თბილისი :
გამოცემის, წარმოების, დისტრიბუციის... სახელწოდება მთაწმინდა,
გამოცემის, წარმოების, დისტრიბუციის... თარიღი 2009.
300 ## - ფიზიკური აღწერა
Extent 448 გვ. ;
Dimensions 21 სმ.
500 ## - ზოგადი შენიშვნა
General note გამოც. წარმოადგენს 2000 წელს ამსტერდამში დასტამბული "ბიბლიის ლექსიკონის"რეპრინტს
653 ## - INDEX TERM--UNCONTROLLED
Uncontrolled term ბიბლიის ლექსიკონი
700 ## - ADDED ENTRY--PERSONAL NAME
Personal name გიუნაშვილი, ელგუჯა
Relator term შემდგენელი
9 (RLIN) 20131
700 ## - ADDED ENTRY--PERSONAL NAME
Personal name კალანდაძე, ზურაბ
Relator term შემდგენელი
9 (RLIN) 20132
700 ## - ADDED ENTRY--PERSONAL NAME
Personal name სარჯველაძე, ზურაბ
Relator term რედაქტორი
9 (RLIN) 20146
942 ## - ADDED ENTRY ELEMENTS (KOHA)
Koha item type წიგნი
Source of classification or shelving scheme
ეგზემპლარები
ჩამოწერის სტატუსი დაკარგული ეგზემპლარის სტატუსი კლასიფიკაციის წყარო ან თაროზე გაწყობის სქემა დაზიანების სტატუსი არ გაიცემა მუდმივი მდებარეობა (დაცვის ადგილი) ამჟამინდელი ადგილსამყოფელი თაროზე განთავსების ადგილი შეძენის თარიღი ღირებულება, შესყიდვის ნორმალური ფასი სრული შენახვის შიფრი შტრიხკოდი ბოლო ოპერაციის თარიღი ეგზემპლარის მიმდევრობითი ნომერი (კეტერი?) ფასის ძალაში შესვლის თარიღი ეგზემპლარის სახეობა საჯარო შენიშვნა
          ბათუმის შოთა რუსთაველის სახელმწიფო უნივერსიტეტის მთავარი ბიბლიოთეკა ბათუმის შოთა რუსთაველის სახელმწიფო უნივერსიტეტის მთავარი ბიბლიოთეკა წიგნსაცავი 2018-12-17 10.00 27-23(038)+26-38(038) ბ-65 22890 2018-12-17 22890 2018-12-17 წიგნი 10.00 ₾.
          ბათუმის შოთა რუსთაველის სახელმწიფო უნივერსიტეტის მთავარი ბიბლიოთეკა ბათუმის შოთა რუსთაველის სახელმწიფო უნივერსიტეტის მთავარი ბიბლიოთეკა წიგნსაცავი 2018-12-17 10.00 27-23(038)+26-38(038) ბ-65 22888 2018-12-17 22888 2018-12-17 წიგნი 10.00 ₾.